Language Quiz

Random Language or Letter Quiz
Score 0/12 Timer 02:00
1 Play Today
Length Words % Correct
3fee
94.2%
4cove
85.4%
6coffee
81%
4coff
81%
3vee
80%
3foe
77.2%
3cee
76.3%
3voe
64.7%
3eve
62.9%
3eff
61.8%
3off
56.7%
3eco
38%
Remove Ads.
Support Sporcle.
Get the best of Sporcle when you Go Orange. This ad-free experience offers more features, more stats, and more fun while also helping to support Sporcle. Thank you for becoming a member.

You're not logged in!

Compare scores with friends on all Sporcle quizzes.
OR
Log In

Show Comments

Extras

Top Quizzes Today


Score Distribution

Your Account Isn't Verified!

In order to create a playlist on Sporcle, you need to verify the email address you used during registration. Go to your Sporcle Settings to finish the process.

Report this User

Report this user for behavior that violates our Community Guidelines.

Details: